| 000 | 00837nam a2200169 a 4500 | ||
|---|---|---|---|
| 008 | 150916s2013 ||||||||||||||||| || u | ||
| 050 | _aZIPAR(058)AR/2013A | ||
| 110 | _aZambia Institute for Policy Analysis & Research (ZIPAR) | ||
| 245 | 1 | 0 |
_aZIPAR annual report 2013 _cBy Zambia institute for Policy Analysis and Research (ZIPAR) |
| 260 |
_aLusaka: _bZambia Institute for Policy Analysis and Research (ZIPAR) _c2013 |
||
| 300 | _a28p.: ill. | ||
| 650 | _aECONOMIC ACTIVITIES-ZAMBIA | ||
| 650 | _aANNUAL REPORT | ||
| 650 | _aECONOMIC POLICIES--ZAMBIA | ||
| 995 |
_aSPECIAL COLLECTIONS _e2019 _FCBU-MAIN LIBRARY (Kitwe) _jZIPAR(058)AR/2013A _M1 _UAVAILABLE _WSep 16, 2015 _yB2019 _ZZambiana Collection |
||
| 995 |
_aSPECIAL COLLECTIONS _e2020 _FCBU-MAIN LIBRARY (Kitwe) _jZIPAR(058)AR/2013B _M2 _UAVAILABLE _WSep 16, 2015 _yB2020 _ZZambiana Collection |
||
| 999 |
_c83442 _d83442 |
||